| 000 | 00804cab a2200241 4500 | ||
|---|---|---|---|
| 001 | ABS52124 | ||
| 008 | 090401t1995 xxu||||| |||| 00| 0 eng d | ||
| 035 | _a(Sirsi) u62296 | ||
| 041 | _aeng | ||
| 100 | _aKing, D. | ||
| 245 | _aCut and thrust towards a sales environment | ||
| 260 | _c1995 | ||
| 350 | _a0 | ||
| 490 |
_aInside Housing _v13 January 1995, 14-15(2) |
||
| 520 | _aAnalysis of the Housing Corporation`s new approved development programme which is expected to find 52,000 lettings in 1995/96 declining to around 41,000 in future years. Includes a ranking of housing associations. | ||
| 650 | _aAPPROVED DEVELOPMENT PROGRAMME | ||
| 650 | _aFUNDING | ||
| 650 | _aHOUSING ASSOCIATIONS | ||
| 650 | _aHOUSING CORPORATION | ||
| 690 | _aHOUSING | ||
| 942 | _n0 | ||
| 948 | _c04/03/1997 | ||
| 999 |
_c38717 _d38717 |
||